书目信息 |
| 题名: |
枣下论丛
|
|
| 作者: | 胡绳 著 | |
| 分册: | ||
| 出版信息: | 北京 人民出版社 1978 |
|
| 页数: | 306页 | |
| 开本: | 20cm | |
| 丛书名: | ||
| 单 册: | ||
| 中图分类: | B26 | |
| 科图分类: | ||
| 主题词: | 哲学--中国--现代--文集 | |
| 电子资源: | ||
| ISBN: | ||
| 000 | 00574nam0 2200229 45 | |
| 001 | 0178005429 | |
| 005 | 20060819085222.32 | |
| 010 | @dCNY0.83 | |
| 091 | @a2001.169 | |
| 100 | @a19950712d1978 kemy0chiy0121 ea | |
| 101 | 0 | @achi |
| 102 | @aCN@b110000 | |
| 105 | @ay z 000yy | |
| 200 | 10 | @a枣下论丛@Azao xia lun cong@f胡绳著@Fhu sheng zhu |
| 205 | @a2版(增订本) | |
| 210 | @a北京@c人民出版社@d1978 | |
| 215 | @a306页@d20cm | |
| 606 | @a哲学@y中国@z现代@x文集 | |
| 690 | @aB26@v3 | |
| 701 | 0 | @a胡绳@Ahu sheng@4著 |
| 801 | 0 | @aCN@bNLC@c20060819 |
| 905 | @dB26@e1=2 | |
| 枣下论丛/胡绳著.-2版(增订本).-北京:人民出版社,1978 |
| 306页;20cm |
| ISBN :CNY0.83 |
| ● |
| 相关链接 |
|
|
|
|
正题名:枣下论丛
索取号:B26/1=2
 
预约/预借
| 序号 | 登录号 | 条形码 | 馆藏地/架位号 | 状态 | 备注 |
| 1 | 0014767 | 202390741 | 密集书库/ [索取号:B26/1=2] | 在馆 | |
| 2 | 0014768 | 000516016 | 密集书库/ [索取号:B26/1=2] | 在馆 | |
| 3 | 0082510 | 000518700 | 第一借阅区/ [索取号:B26/1=2] | 在馆 | |
| 4 | 0082511 | 000518773 | 第一样本阅览室/ [索取号:B26/1=2] | 在馆 | |
| 5 | 0082512 | 000518737 | 密集书库/ [索取号:B26/1=2] | 在馆 | |
| 6 | 0082513 | 000516025 | 密集书库/ [索取号:B26/1=2] | 在馆 | |
| 7 | 0082514 | 000518746 | 密集书库/ [索取号:B26/1=2] | 在馆 | |
| 8 | 0458915 | 204589150 | 密集书库/ [索取号:B26/1=2] | 在馆 | |
| 9 | 0458916 | 204589169 | 密集书库/ [索取号:B26/1=2] | 在馆 |